| 000 | 00585nam a22001937a 4500 | ||
|---|---|---|---|
| 003 | OSt | ||
| 005 | 20240606064021.0 | ||
| 008 | 240606b |||||||| |||| 00| 0 eng d | ||
| 020 | _a97130300745x | ||
| 040 |
_aDWC- Main Lib _cOC |
||
| 082 | _aFil. 536.7 A832t 1984 | ||
| 100 | _aAsin , Ricardo C. | ||
| 245 |
_aThermodynamics ( a reviewer /text) / _cRicardo C. Asin |
||
| 250 | _aRevised edition | ||
| 260 |
_aManila,Philippines: _bMerriam & Webster Bookstore, Inc., _cc1984. |
||
| 300 |
_a351 pages : _billustrations; _c22cm. |
||
| 650 | _a1. Thermodynamics. | ||
| 942 |
_2ddc _cBK - FIL _n1 |
||
| 999 |
_c291 _d291 |
||